Les 10 villes les plus peuplées de l'Ariège (09) - Statistiques

Statistiques générales
  • Ce quiz a été pris 97 fois
  • Le résultat moyen est 6 sur 10
Statistiques - réponses
Population Communes % Correct
9 700 Foix
99%
16 500 Pamiers
97%
6 100 Saint-Girons
75%
6 000 Lavelanet
62%
3 100 Mirepoix
55%
4 800 Saverdun
55%
3 100 Tarascon-sur-Ariège
48%
3 900 Mazères
40%
3 500 Varilhes
29%
3 300 La Tour-du-Crieu
14%
Aucun quiz correspondant
Distribution des résultats
% des personnes avec chaque résultat
Percentile par nombre de réponses
Votre historique - résultats
Vous n’avez pas pris ce quiz